[Event "ASIAN CITIES CHESS CHAMPIONSHIP 2015"]
[Site "Citrus Hotel , Waskaduwa, Sri Lanka"]
[Date "2015.07.24"]
[Round "4"]
[Board "3"]
[White "Galappaththi, Chinthaka Anurud"]
[Black "Doluweera, Minul Sanjula"]
[Result "1/2-1/2"]
[WhiteElo "2098"]
[BlackElo "2042"]
[PlyCount "97"]
[EventDate "2015.07.22"]
[EventType "team"]
[EventRounds "9"]
[EventCountry "SRI"]
[WhiteTeam "Colombo, Sri Lanka"]
[BlackTeam "Kandy, Sri Lanka"]

1. e4 c5 2. Nf3 d6 3. d3 Nc6 4. g3 g6 5. Bg2 Bg7 6. O-O Nf6 7. Nbd2 O-O 8. h3
Rb8 9. Nh4 e5 10. a4 a6 11. Nc4 b5 12. axb5 axb5 13. Ne3 Nd4 14. c3 Ne6 15. Qe1
Nh5 16. Nd5 Nef4 17. Nxf4 Nxf4 18. Bxf4 exf4 19. Nf3 fxg3 20. fxg3 f5 21. Qd2
c4 22. exf5 Rxf5 23. g4 Rc5 24. d4 Rc7 25. d5 Re7 26. Kh1 Qb6 27. Rae1 Rbb7 28.
Rxe7 Rxe7 29. Re1 Qd8 30. Rf1 Qe8 31. Re1 Rxe1+ 32. Qxe1 Qxe1+ 33. Nxe1 b4 34.
Bf1 bxc3 35. bxc3 Bxc3 36. Nc2 h5 37. gxh5 gxh5 38. Ne3 Ba6 39. Bxc4 Bxc4 40.
Nxc4 Bb4 41. Kg2 Kg7 42. Kf3 Kf6 43. Kf4 Bc5 44. Nd2 Bb4 45. Nf3 Bc3 46. Nh4
Be5+ 47. Ke4 Bh2 48. Nf3 Bg3 49. Nd4 1/2-1/2

[Event "ASIAN CITIES CHESS CHAMPIONSHIP 2015"]
[Site "Citrus Hotel , Waskaduwa, Sri Lanka"]
[Date "2015.07.24"]
[Round "4"]
[Board "4"]
[White "Piyumantha, M Sasith Nipun"]
[Black "Naotunna, Dineth Nimnaka"]
[Result "1-0"]
[WhiteElo "1928"]
[BlackElo "1930"]
[PlyCount "32"]
[EventDate "2015.07.22"]
[EventType "team"]
[EventRounds "9"]
[EventCountry "SRI"]
[WhiteTeam "Kandy, Sri Lanka"]
[BlackTeam "Colombo, Sri Lanka"]

1. d4 Nf6 2. c4 e6 3. g3 d5 4. Nf3 dxc4 5. Bg2 Nc6 6. Qa4 Bb4+ 7. Bd2 Nd5 8.
Bxb4 Ndxb4 9. a3 b5 10. Qd1 Nd5 11. e4 Nb6 12. Nc3 a6 13. O-O O-O 14. d5 exd5
15. exd5 Ne7 16. Nd4 Bb7 {Poor Recording} 1-0

[Event "ASIAN CITIES CHESS CHAMPIONSHIP 2015"]
[Site "Citrus Hotel , Waskaduwa, Sri Lanka"]
[Date "2015.07.24"]
[Round "4"]
[Board "1"]
[White "Maqseed, Nasser"]
[Black "Suni, Syairazi"]
[Result "1-0"]
[WhiteElo "1932"]
[BlackElo "1943"]
[PlyCount "87"]
[EventDate "2015.07.22"]
[EventType "team"]
[EventRounds "9"]
[EventCountry "SRI"]
[WhiteTeam "Kuwait City, Kuwait"]
[BlackTeam "Bandar Seri Begawan, Brunei"]

1. Nf3 d5 2. d4 Nf6 3. e3 e6 4. c4 dxc4 5. Bxc4 a6 6. O-O c5 7. a4 Nc6 8. Qe2
Be7 9. Rd1 Qc7 10. Nc3 cxd4 11. exd4 O-O 12. Bg5 Rd8 13. Rac1 Qa5 14. b3 Nb4
15. Bf4 Kf8 16. Ne5 Nbd5 17. Nxd5 exd5 18. Bd3 Be6 19. Rc2 Rac8 20. Rdc1 Rxc2
21. Rxc2 Qb6 22. Nf3 Bd6 23. Bxd6+ Qxd6 24. Ng5 h6 25. Nxe6+ Qxe6 26. Qxe6 fxe6
27. Rc7 Rd7 28. Rxd7 Nxd7 29. b4 e5 30. dxe5 Nxe5 31. Be2 Ke7 32. f4 Nc6 33. b5
axb5 34. axb5 Nd4 35. Bd3 b6 36. Kf2 Kd6 37. Ke3 Kc5 38. g4 Ne6 39. h4 g5 40.
fxg5 hxg5 41. h5 Kb4 42. h6 Nf8 43. h7 Nxh7 44. Bxh7 1-0

[Event "ASIAN CITIES CHESS CHAMPIONSHIP 2015"]
[Site "Citrus Hotel , Waskaduwa, Sri Lanka"]
[Date "2015.07.24"]
[Round "4"]
[Board "2"]
[White "Hj, Azahari Siti Nur Fatimah"]
[Black "Alhajiri, Bader"]
[Result "0-1"]
[WhiteElo "2094"]
[BlackElo "2231"]
[PlyCount "58"]
[EventDate "2015.07.22"]
[EventType "team"]
[EventRounds "9"]
[EventCountry "SRI"]
[WhiteTeam "Bandar Seri Begawan, Brunei"]
[BlackTeam "Kuwait City, Kuwait"]

1. e4 e5 2. Nf3 Nc6 3. Nc3 Nf6 4. d4 exd4 5. Nxd4 Nxe4 6. Nxe4 Qe7 7. f3 d5 8.
Bb5 Bd7 9. O-O dxe4 10. Nxc6 Qc5+ 11. Nd4 Bxb5 12. Re1 O-O-O 13. Be3 exf3 14.
Qxf3 Rxd4 15. c3 Rd3 16. Bxc5 Bxc5+ 17. Kh1 Rxf3 18. gxf3 Bc6 19. Kg2 g5 20.
Re5 Bd6 21. Rxg5 Re8 22. Kf2 Bxh2 23. Rh1 Bf4 24. Rf5 Be3+ 25. Kf1 h6 26. Rxf7
Bd5 27. Rf6 Bxa2 28. b4 Bc4+ 29. Kg2 Bd5 0-1

[Event "ASIAN CITIES CHESS CHAMPIONSHIP 2015"]
[Site "Citrus Hotel , Waskaduwa, Sri Lanka"]
[Date "2015.07.24"]
[Round "4"]
[Board "3"]
[White "Alkhaldi, Bader"]
[Black "Kamis, Kamarunsalehin"]
[Result "1-0"]
[WhiteElo "1970"]
[BlackElo "2030"]
[PlyCount "117"]
[EventDate "2015.07.22"]
[EventType "team"]
[EventRounds "9"]
[EventCountry "SRI"]
[WhiteTeam "Kuwait City, Kuwait"]
[BlackTeam "Bandar Seri Begawan, Brunei"]

1. e4 d6 2. d4 Nf6 3. Nc3 e5 4. Nge2 Be7 5. f3 c6 6. Be3 Nbd7 7. Qd2 Qc7 8. g4
exd4 9. Nxd4 Ne5 10. O-O-O Be6 11. Nxe6 fxe6 12. g5 Nfd7 13. f4 Nf7 14. h4
O-O-O 15. Bh3 Nf8 16. Qd4 Qb6 17. Qxb6 axb6 18. Bxb6 Re8 19. Rd4 Bd8 20. Bxd8
Rxd8 21. Rhd1 Kc7 22. Rc4 Kb8 23. h5 d5 24. exd5 exd5 25. Rcd4 Nd7 26. Re1 Nb6
27. Re7 Rdf8 28. Rd1 Nd6 29. Rxg7 Rxf4 30. Be6 Ne8 31. h6 Nc4 32. Re1 Ncd6 33.
Rh1 Nc4 34. Rg8 Rf8 35. Rxh8 Rxh8 36. Ne2 Nc7 37. Bf5 Ne3 38. Bxh7 Ne6 39. g6
Nf5 40. g7 Nfxg7 41. hxg7 Nxg7 42. Be4 Re8 43. Bd3 Ne6 44. c3 Nc5 45. Kd2 Nxd3
46. Kxd3 Ka7 47. b4 Kb6 48. a4 Re4 49. Rh7 Rg4 50. Rh6 Ka7 51. Nd4 Rg3+ 52. Kc2
Rg4 53. Kb3 Rg1 54. a5 Rb1+ 55. Kc2 Ra1 56. Ne6 Ra2+ 57. Kb3 Rg2 58. Rh7 Rg8
59. Nc5 1-0

[Event "ASIAN CITIES CHESS CHAMPIONSHIP 2015"]
[Site "Citrus Hotel , Waskaduwa, Sri Lanka"]
[Date "2015.07.24"]
[Round "4"]
[Board "4"]
[White "Hj, Azahari Md Aliuddin"]
[Black "Hussain, Hashem"]
[Result "0-1"]
[WhiteElo "2065"]
[BlackElo "1758"]
[PlyCount "44"]
[EventDate "2015.07.22"]
[EventType "team"]
[EventRounds "9"]
[EventCountry "SRI"]
[WhiteTeam "Bandar Seri Begawan, Brunei"]
[BlackTeam "Kuwait City, Kuwait"]

1. e4 c5 2. Nf3 g6 3. d4 cxd4 4. Nxd4 Bg7 5. Be3 Nc6 6. c4 Nf6 7. Nc3 O-O 8.
Be2 d6 9. O-O Nd7 10. Qd2 a5 11. Rfd1 Nf6 12. Nxc6 bxc6 13. e5 Ne8 14. exd6
exd6 15. Bf4 Bf5 16. Bxd6 Nxd6 17. Qxd6 Qxd6 18. Rxd6 Rab8 19. Nd1 Rfe8 20. Rd2
Bh6 21. Ne3 Rxe3 22. fxe3 Bxe3+ 0-1

[Event "ASIAN CITIES CHESS CHAMPIONSHIP 2015"]
[Site "Citrus Hotel , Waskaduwa, Sri Lanka"]
[Date "2015.07.24"]
[Round "4"]
[Board "1"]
[White "Yang, Ching Wei"]
[Black "Battulga, Namkhai"]
[Result "0-1"]
[WhiteElo "2021"]
[BlackElo "2387"]
[PlyCount "58"]
[EventDate "2015.07.22"]
[EventType "team"]
[EventRounds "9"]
[EventCountry "SRI"]
[WhiteTeam "Taipei, Chinese Taipei"]
[BlackTeam "Erdenet, Mongolia"]

1. e4 c5 2. Nc3 Nc6 3. Nf3 g6 4. Bb5 Bg7 5. O-O Nd4 6. Bc4 e6 7. d3 Ne7 8. Nxd4
cxd4 9. Nb5 d6 10. Bf4 e5 11. Bg5 f6 12. Bd2 a6 13. Na3 d5 14. exd5 Nxd5 15. f4
b5 16. Bb3 O-O 17. Bb4 Re8 18. fxe5 fxe5 19. Ba5 Qd7 20. Nb1 Bb7 21. Nd2 Kh8
22. Ne4 Ne3 23. Rf7 Re7 24. Qf3 Rxf7 25. Qxf7 Qxf7 26. Bxf7 Nxc2 27. Rc1 Bxe4
28. dxe4 Rf8 29. Bxg6 Bh6 0-1

[Event "ASIAN CITIES CHESS CHAMPIONSHIP 2015"]
[Site "Citrus Hotel , Waskaduwa, Sri Lanka"]
[Date "2015.07.24"]
[Round "4"]
[Board "3"]
[White "Liu, Yeh Yang"]
[Black "Ganbold, Choidog"]
[Result "1-0"]
[WhiteElo "1945"]
[BlackElo "2157"]
[PlyCount "57"]
[EventDate "2015.07.22"]
[EventType "team"]
[EventRounds "9"]
[EventCountry "SRI"]
[WhiteTeam "Taipei, Chinese Taipei"]
[BlackTeam "Erdenet, Mongolia"]

1. e4 e6 2. d4 d5 3. Nc3 Nf6 4. Bg5 Be7 5. e5 Nfd7 6. Bxe7 Qxe7 7. f4 a6 8. Nf3
c5 9. Qd2 Nc6 10. dxc5 Nxc5 11. O-O-O b5 12. Bd3 Bb7 13. Kb1 O-O-O 14. Rhe1 h6
15. a3 Kb8 16. Bf1 Rc8 17. f5 Rhd8 18. Qf4 Qc7 19. Nd4 Ne4 20. Nxc6+ Qxc6 21.
Rd3 Qc4 22. Rxe4 Qxd3 23. Bxd3 dxe4 24. Nxe4 Bd5 25. Nd6 Rc7 26. g4 Rh8 27. a4
Bc6 28. axb5 axb5 29. Bxb5 1-0

[Event "ASIAN CITIES CHESS CHAMPIONSHIP 2015"]
[Site "Citrus Hotel , Waskaduwa, Sri Lanka"]
[Date "2015.07.24"]
[Round "4"]
[Board "4"]
[White "Turbat, Shagdarsuren"]
[Black "Yang, Sung-Jui"]
[Result "1/2-1/2"]
[WhiteElo "1996"]
[BlackElo "1626"]
[PlyCount "97"]
[EventDate "2015.07.22"]
[EventType "team"]
[EventRounds "9"]
[EventCountry "SRI"]
[WhiteTeam "Erdenet, Mongolia"]
[BlackTeam "Taipei, Chinese Taipei"]

1. c4 f5 2. Nc3 Nf6 3. Nf3 g6 4. d4 Bg7 5. e3 d6 6. Bd3 e5 7. dxe5 dxe5 8. Nxe5
Ne4 9. Qa4+ b5 10. Nxb5 c6 11. Bxe4 fxe4 12. Nxc6 Nxc6 13. Nd4 Bd7 14. Nxc6 Qc7
15. Bd2 Bxc6 16. Qc2 Rb8 17. Bc3 Rd8 18. O-O O-O 19. Rad1 Bb7 20. b3 Qc6 21.
Bxg7 Kxg7 22. Qc3+ Kg8 23. Qa5 Rd3 24. h3 Re8 25. Rd2 Re7 26. Rfd1 Red7 27. Qb4
Qd6 28. Rxd3 exd3 29. Qxd6 Rxd6 30. Rd2 Kf7 31. f3 Ke6 32. Kf2 Ke5 33. Ke1 g5
34. Rb2 h5 35. Rd2 g4 36. hxg4 hxg4 37. Kf2 Rd7 38. Kg3 gxf3 39. gxf3 Rf7 40.
Rxd3 Rxf3+ 41. Kg4 Ke4 42. Rd8 Rxe3 43. Re8+ Kd4 44. Rxe3 Kxe3 45. Kf5 Kd4 46.
Ke6 Kc5 47. Kd7 Ba6 48. a3 Bxc4 49. b4+ 1/2-1/2

[Event "ASIAN CITIES CHESS CHAMPIONSHIP 2015"]
[Site "Citrus Hotel , Waskaduwa, Sri Lanka"]
[Date "2015.07.24"]
[Round "4"]
[Board "1"]
[White "Sabri, Mohd Saprin"]
[Black "Ahmed, Ashraf"]
[Result "0-1"]
[WhiteElo "2089"]
[BlackElo "1837"]
[PlyCount "118"]
[EventDate "2015.07.22"]
[EventType "team"]
[EventRounds "9"]
[EventCountry "SRI"]
[WhiteTeam "Shah Alam, Malaysia"]
[BlackTeam "Male, Maldives"]

1. Nf3 Nf6 2. c4 e6 3. g3 Be7 4. Bg2 d5 5. b3 c6 6. d3 Nbd7 7. Bb2 dxc4 8. bxc4
Rb8 9. Nbd2 Qc7 10. Rc1 Qa5 11. Rc2 h5 12. h3 a6 13. Qa1 Bd6 14. O-O Qc7 15. e4
e5 16. c5 Be7 17. Nc4 Bxc5 18. Ncxe5 Be7 19. Nxd7 Nxd7 20. Bxg7 Rg8 21. Bh6 Qa5
22. Bf4 Ra8 23. h4 Nc5 24. Qe5 Qb4 25. Rc4 Nxd3 26. Qd4 Nxf4 27. Rxb4 Ne2+ 28.
Kh2 Nxd4 29. Rxd4 Be6 30. Rd2 c5 31. Ng5 Bxg5 32. hxg5 Rxg5 33. f4 Rg8 34. e5
Rb8 35. f5 Bc4 36. Rc1 b5 37. f6 Rg4 38. Bd5 Bxd5 39. Rxd5 c4 40. Rcd1 Re4 41.
e6 Rxe6 42. Rxh5 Rxf6 43. Rh8+ Ke7 44. Rxb8 Rf2+ 45. Kh3 Rxa2 46. Rb7+ Ke6 47.
Rc7 Ra3 48. Kg4 c3 49. Rd3 b4 50. Rc4 a5 51. Kg5 Ke5 52. Rc5+ Ke4 53. Rcd5 c2
54. R5d4+ Ke5 55. Rd5+ Ke6 56. Rd6+ Ke7 57. Rd7+ Kf8 58. Kf6 Rxd3 59. Rxd3 Ke8
 0-1

[Event "ASIAN CITIES CHESS CHAMPIONSHIP 2015"]
[Site "Citrus Hotel , Waskaduwa, Sri Lanka"]
[Date "2015.07.24"]
[Round "4"]
[Board "2"]
[White "Ahmed, Fuad"]
[Black "Fong, Yit San"]
[Result "1-0"]
[WhiteElo "1797"]
[BlackElo "2091"]
[PlyCount "130"]
[EventDate "2015.07.22"]
[EventType "team"]
[EventRounds "9"]
[EventCountry "SRI"]
[WhiteTeam "Male, Maldives"]
[BlackTeam "Shah Alam, Malaysia"]

1. d4 d5 2. c4 e6 3. Nf3 Nf6 4. Nc3 Be7 5. g3 O-O 6. Bg2 dxc4 7. Ne5 Nc6 8.
Nxc6 bxc6 9. Bxc6 Rb8 10. Bg2 Bb7 11. O-O Bxg2 12. Kxg2 Qd7 13. e3 Rfd8 14. Qa4
Qxa4 15. Nxa4 Rb4 16. Nc3 Kf8 17. Nd1 c5 18. Bd2 Rb7 19. Ba5 Rd5 20. Bc3 cxd4
21. exd4 Rdb5 22. a4 Rb3 23. Ne3 Nd5 24. Rfc1 Nxe3+ 25. fxe3 Bb4 26. Kf3 a5 27.
Ke4 f5+ 28. Ke5 Ke7 29. d5 Bd6+ 30. Kd4 Rc7 31. e4 e5+ 32. Ke3 Bc5+ 33. Kf3 g6
34. g4 Kd6 35. exf5 gxf5 36. gxf5 Kxd5 37. Re1 Bd4 38. Rad1 Rg7 39. h4 h5 40.
Rxe5+ Kxe5 41. Rxd4 Kxf5 42. Rd5+ Ke6 43. Rxh5 Rg1 44. Rxa5 Rb1 45. Ke4 R1xb2
46. Bxb2 Rxb2 47. Kd4 Rh2 48. h5 Rh4+ 49. Kc3 Kd7 50. Rb5 Kc6 51. Rg5 Kb7 52.
a5 Ka7 53. Kb4 Kb7 54. Rc5 Ka6 55. Rc6+ Kb7 56. Rb6+ Ka7 57. h6 Rh5 58. Rg6 c3
59. Kxc3 Rxa5 60. Kd4 Rh5 61. Ke4 Kb7 62. Kf4 Kc7 63. Kg4 Rh1 64. Kg5 Kd7 65.
Kf6 Re1 1-0

[Event "ASIAN CITIES CHESS CHAMPIONSHIP 2015"]
[Site "Citrus Hotel , Waskaduwa, Sri Lanka"]
[Date "2015.07.24"]
[Round "4"]
[Board "4"]
[White "Ibarhim, Firaq"]
[Black "Johari, Camilia"]
[Result "1-0"]
[WhiteElo "1563"]
[BlackElo "1839"]
[PlyCount "65"]
[EventDate "2015.07.22"]
[EventType "team"]
[EventRounds "9"]
[EventCountry "SRI"]
[WhiteTeam "Male, Maldives"]
[BlackTeam "Shah Alam, Malaysia"]

1. d4 d5 2. c4 c6 3. e3 Nf6 4. Nc3 e6 5. cxd5 exd5 6. Bd3 Bg4 7. Nge2 Nbd7 8.
O-O Be7 9. f3 Bh5 10. e4 dxe4 11. fxe4 Nb6 12. h3 O-O 13. Qc2 Bg6 14. Be3 h6
15. Rf2 Rc8 16. Nf4 Bh7 17. e5 Bxd3 18. Qxd3 Nfd5 19. Raf1 Nxf4 20. Bxf4 Nd5
21. Ne4 Nxf4 22. Rxf4 Qd5 23. Nc3 Qe6 24. Qg3 Bg5 25. R4f3 Rcd8 26. Rd1 f5 27.
Qf2 Rf7 28. h4 Be7 29. Ne2 Qxa2 30. Nf4 Qa4 31. b3 Qb4 32. Rdd3 c5 33. d5 {
Poor Recording} 1-0

[Event "ASIAN CITIES CHESS CHAMPIONSHIP 2015"]
[Site "Citrus Hotel , Waskaduwa, Sri Lanka"]
[Date "2015.07.24"]
[Round "4"]
[Board "1"]
[White "Masters, Christopher"]
[Black "Sultan, Ibrahim"]
[Result "1-0"]
[WhiteElo "1900"]
[BlackElo "2040"]
[PlyCount "87"]
[EventDate "2015.07.22"]
[EventType "team"]
[EventRounds "9"]
[EventCountry "SRI"]
[WhiteTeam "Hong Kong, Hong Kong"]
[BlackTeam "Dubai, UAE"]

1. e4 c5 2. Nf3 d6 3. d4 cxd4 4. Nxd4 Nf6 5. Nc3 Nc6 6. Bg5 e6 7. Qd2 a6 8.
O-O-O Bd7 9. f4 b5 10. Nxc6 Bxc6 11. Qd4 Be7 12. a3 Rb8 13. Be2 Qb6 14. Bf3
Qxd4 15. Rxd4 e5 16. Rd2 Nd7 17. Bxe7 Kxe7 18. f5 Rhd8 19. g4 a5 20. Nd5+ Bxd5
21. Rxd5 Nf6 22. Rd3 Rbc8 23. g5 Ne8 24. Bg2 Rc4 25. Rhd1 Rdc8 26. R1d2 h6 27.
f6+ Kf8 28. fxg7+ Kxg7 29. gxh6+ Kxh6 30. Bh3 R8c7 31. Bf5 Kg7 32. Rg3+ Kf8 33.
Rdg2 Ke7 34. h4 Nf6 35. Re3 Nh5 36. Bg4 Nf4 37. h5 Kf6 38. h6 Kg6 39. Rgg3 Kh7
40. Bf5+ Ng6 41. Rg2 Kh8 42. b3 R4c5 43. Bxg6 fxg6 44. Rxg6 1-0

[Event "ASIAN CITIES CHESS CHAMPIONSHIP 2015"]
[Site "Citrus Hotel , Waskaduwa, Sri Lanka"]
[Date "2015.07.24"]
[Round "4"]
[Board "2"]
[White "Ahmed, Fareed"]
[Black "Borigas, Edgardo"]
[Result "1-0"]
[WhiteElo "2052"]
[BlackElo "1914"]
[PlyCount "49"]
[EventDate "2015.07.22"]
[EventType "team"]
[EventRounds "9"]
[EventCountry "SRI"]
[WhiteTeam "Dubai, UAE"]
[BlackTeam "Hong Kong, Hong Kong"]

1. e4 e6 2. d4 d5 3. Nd2 Nf6 4. e5 Nfd7 5. f4 c5 6. c3 Qb6 7. Ndf3 cxd4 8. cxd4
Nc6 9. g3 Bb4+ 10. Kf2 O-O 11. Bd3 f5 12. Ne2 Ndb8 13. a3 Be7 14. b4 Bd7 15.
Be3 Be8 16. h3 Bh5 17. g4 Bg6 18. Ng3 fxg4 19. hxg4 Bxd3 20. Qxd3 g6 21. Rh6
Nd7 22. Rah1 Rf7 23. Qxg6+ Rg7 24. Qxg7+ Kxg7 25. Rxh7+ 1-0

[Event "ASIAN CITIES CHESS CHAMPIONSHIP 2015"]
[Site "Citrus Hotel , Waskaduwa, Sri Lanka"]
[Date "2015.07.24"]
[Round "4"]
[Board "3"]
[White "Lau, Lut Yin Luke"]
[Black "Ali, Abdulaziz"]
[Result "0-1"]
[WhiteElo "1809"]
[BlackElo "1767"]
[PlyCount "77"]
[EventDate "2015.07.22"]
[EventType "team"]
[EventRounds "9"]
[EventCountry "SRI"]
[WhiteTeam "Hong Kong, Hong Kong"]
[BlackTeam "Dubai, UAE"]

1. e4 e5 2. Nf3 Nc6 3. Bc4 Bc5 4. d3 h6 5. c3 Nf6 6. Nbd2 d6 7. h3 a6 8. a4 Ba7
9. b4 O-O 10. Qb3 Ne7 11. O-O Ng6 12. d4 Qe7 13. Re1 Nh5 14. Nf1 Nh4 15. Qd1
exd4 16. Nxh4 Qxh4 17. cxd4 Be6 18. Be2 Nf4 19. Bf3 Ng6 20. Be3 Rad8 21. Qc2
Bb8 22. Ng3 c6 23. Rab1 d5 24. e5 f5 25. exf6 Qxf6 26. Qe2 Bxh3 27. Bxd5+ Rxd5
28. gxh3 Nf4 29. Qf1 Qh4 30. Kh2 Ne6 31. Qg2 Nxd4 32. Red1 Rfd8 33. Kh1 Nc2 34.
Rxd5 Rxd5 35. Rg1 Nxe3 36. fxe3 Rg5 37. Nf5 Rxg2 38. Rxg2 Qxh3+ 39. Kg1 0-1

[Event "ASIAN CITIES CHESS CHAMPIONSHIP 2015"]
[Site "Citrus Hotel , Waskaduwa, Sri Lanka"]
[Date "2015.07.24"]
[Round "4"]
[Board "4"]
[White "Faisal, Ali"]
[Black "Borigas, Edrien Gappi"]
[Result "1-0"]
[WhiteElo "1774"]
[BlackElo "1271"]
[PlyCount "52"]
[EventDate "2015.07.22"]
[EventType "team"]
[EventRounds "9"]
[EventCountry "SRI"]
[WhiteTeam "Dubai, UAE"]
[BlackTeam "Hong Kong, Hong Kong"]

1. e4 e5 2. Nf3 Nc6 3. Bc4 Bc5 4. c3 Nf6 5. d3 d6 6. Nbd2 O-O 7. O-O Bg4 8. h3
Bh5 9. Re1 Na5 10. Bb5 a6 11. Ba4 b5 12. Bc2 Nc6 13. Nf1 h6 14. Ng3 Bg6 15. Be3
Bxe3 16. fxe3 d5 17. exd5 Qxd5 18. e4 Qd6 19. Qe2 Nh5 20. Nf5 Bxf5 21. exf5
Qc5+ 22. Qf2 Qxf2+ 23. Kxf2 g6 24. d4 exd4 25. Be4 Nf4 26. Kg3 Nh5+ 1-0

[Event "ASIAN CITIES CHESS CHAMPIONSHIP 2015"]
[Site "Citrus Hotel , Waskaduwa, Sri Lanka"]
[Date "2015.07.24"]
[Round "4"]
[Board "1"]
[White "Farazi, Khaiber"]
[Black "Al-Takrori, Husam"]
[Result "1-0"]
[WhiteElo "2134"]
[BlackElo "2071"]
[PlyCount "69"]
[EventDate "2015.07.22"]
[EventType "team"]
[EventRounds "9"]
[EventCountry "SRI"]
[WhiteTeam "Kabul, Afghanistan"]
[BlackTeam "Jeruselam, Palestine"]

1. Nf3 d5 2. c4 e6 3. d4 f5 4. Nc3 c6 5. Qb3 Bd6 6. Bg5 Nf6 7. e3 O-O 8. Be2
Qe7 9. O-O h6 10. Bh4 g5 11. Bg3 Bxg3 12. hxg3 Ne4 13. Nxe4 fxe4 14. Ne5 Kg7
15. Bh5 Rf6 16. f3 exf3 17. Qc2 Nd7 18. Rxf3 Rf5 19. Raf1 Nxe5 20. dxe5 g4 21.
Rf4 Bd7 22. Rxg4+ Kh8 23. Rff4 Raf8 24. Bg6 Rxf4 25. gxf4 Rg8 26. cxd5 exd5 27.
Rg3 Be8 28. e6 Qf6 29. f5 Bxg6 30. fxg6 Qxe6 31. Qc3+ Rg7 32. Qd4 a6 33. b4 Kg8
34. Qf4 Rxg6 35. Qxh6 1-0

[Event "ASIAN CITIES CHESS CHAMPIONSHIP 2015"]
[Site "Citrus Hotel , Waskaduwa, Sri Lanka"]
[Date "2015.07.24"]
[Round "4"]
[Board "2"]
[White "Ahmad, E. Al-Azzah"]
[Black "Mirzaad, S.Wahabuddin"]
[Result "0-1"]
[WhiteElo "1963"]
[BlackElo "2067"]
[PlyCount "90"]
[EventDate "2015.07.22"]
[EventType "team"]
[EventRounds "9"]
[EventCountry "SRI"]
[WhiteTeam "Jeruselam, Palestine"]
[BlackTeam "Kabul, Afghanistan"]

1. e4 d5 2. exd5 Qxd5 3. Nc3 Qa5 4. d4 c6 5. Bc4 Nf6 6. Bd2 Qb6 7. Nf3 Bf5 8.
Bb3 e6 9. O-O Bd6 10. Re1 O-O 11. Be3 Qc7 12. h3 Nbd7 13. Nh4 Bg6 14. Nxg6 hxg6
15. Ne2 Rad8 16. c4 c5 17. Qc2 cxd4 18. Nxd4 a6 19. Nf3 Nc5 20. Bxc5 Bxc5 21.
Rad1 Nh5 22. Qe4 Qb6 23. Qh4 Qc7 24. Ng5 Be7 25. g4 Qf4 26. Re4 Qxe4 27. Nxe4
Bxh4 28. gxh5 gxh5 29. Kf1 Be7 30. Ke2 Rxd1 31. Bxd1 f5 32. Nd2 g5 33. Nf3 Bf6
34. b3 g4 35. hxg4 fxg4 36. Nd2 Kg7 37. Ne4 Bd4 38. Bc2 h4 39. Ng5 Rxf2+ 40.
Kd3 Bf6 41. Nxe6+ Kh6 42. Nc5 h3 43. Ne4 Rf3+ 44. Ke2 h2 45. Nxf6 Rxf6 0-1

[Event "ASIAN CITIES CHESS CHAMPIONSHIP 2015"]
[Site "Citrus Hotel , Waskaduwa, Sri Lanka"]
[Date "2015.07.24"]
[Round "4"]
[Board "3"]
[White "Amini, Habibullah"]
[Black "Qaysiyah, Hani"]
[Result "1-0"]
[WhiteElo "1906"]
[BlackElo "1759"]
[PlyCount "53"]
[EventDate "2015.07.22"]
[EventType "team"]
[EventRounds "9"]
[EventCountry "SRI"]
[WhiteTeam "Kabul, Afghanistan"]
[BlackTeam "Jeruselam, Palestine"]

1. f4 e6 2. Nf3 Nf6 3. d4 c5 4. e3 d5 5. Be2 Nc6 6. O-O Qb6 7. c3 Bd6 8. Nbd2
c4 9. Ne5 O-O 10. Qc2 Nd7 11. Ndf3 f6 12. Ng4 e5 13. b3 cxb3 14. axb3 exf4 15.
exf4 Qc7 16. Bd3 h6 17. Nh4 Ne7 18. c4 b6 19. Qe2 Nb8 20. Ne3 Bxf4 21. Rxf4
Qxf4 22. Nef5 Qc7 23. Nxe7+ Kh8 24. Nhg6+ Kh7 25. Nxf8+ Kh8 26. Neg6+ Kg8 27.
Qe8 1-0

[Event "ASIAN CITIES CHESS CHAMPIONSHIP 2015"]
[Site "Citrus Hotel , Waskaduwa, Sri Lanka"]
[Date "2015.07.25"]
[Round "5"]
[Board "1"]
[White "Fang, Yuxiang"]
[Black "Abdyjapar, Asyl"]
[Result "1/2-1/2"]
[WhiteElo "2440"]
[BlackElo "2390"]
[PlyCount "34"]
[EventDate "2015.07.22"]
[EventType "team"]
[EventRounds "9"]
[EventCountry "SRI"]
[WhiteTeam "Qingdao, China"]
[BlackTeam "Bishkek City, Kyrgyzstan"]

1. Nf3 Nf6 2. c4 c5 3. Nc3 e6 4. g3 b6 5. Bg2 Bb7 6. O-O Be7 7. Re1 Ne4 8. Nxe4
Bxe4 9. d3 Bb7 10. e4 O-O 11. d4 cxd4 12. Nxd4 d6 13. b3 a6 14. Bb2 Nd7 15. Qd2
Qc7 16. Rac1 Rfd8 17. h3 Rac8 {Poor Recording} 1/2-1/2

[Event "ASIAN CITIES CHESS CHAMPIONSHIP 2015"]
[Site "Citrus Hotel , Waskaduwa, Sri Lanka"]
[Date "2015.07.25"]
[Round "5"]
[Board "2"]
[White "Tologontegin, Semetey"]
[Black "Xu, Zhihang"]
[Result "1/2-1/2"]
[WhiteElo "2402"]
[BlackElo "2234"]
[PlyCount "35"]
[EventDate "2015.07.22"]
[EventType "team"]
[EventRounds "9"]
[EventCountry "SRI"]
[WhiteTeam "Bishkek City, Kyrgyzstan"]
[BlackTeam "Qingdao, China"]

1. d4 Nf6 2. Nf3 d6 3. Nc3 Bg4 4. e4 e5 5. dxe5 Bxf3 6. Qxf3 dxe5 7. Bg5 Nbd7
8. O-O-O c6 9. Bc4 Be7 10. g4 h6 11. h4 hxg5 12. hxg5 Rxh1 13. Rxh1 Nf8 14. Rd1
Qc7 15. gxf6 Bxf6 16. Kb1 Rd8 17. Rh1 Qd7 18. Ne2 {Poor Recording} 1/2-1/2

[Event "ASIAN CITIES CHESS CHAMPIONSHIP 2015"]
[Site "Citrus Hotel , Waskaduwa, Sri Lanka"]
[Date "2015.07.25"]
[Round "5"]
[Board "3"]
[White "Zhou, Jiangnan"]
[Black "Isaev, Chingys"]
[Result "0-1"]
[WhiteElo "2099"]
[BlackElo "2173"]
[PlyCount "92"]
[EventDate "2015.07.22"]
[EventType "team"]
[EventRounds "9"]
[EventCountry "SRI"]
[WhiteTeam "Qingdao, China"]
[BlackTeam "Bishkek City, Kyrgyzstan"]

1. d4 d5 2. c4 e6 3. Nc3 Be7 4. Nf3 Nf6 5. cxd5 exd5 6. Bg5 c6 7. Qc2 g6 8. e3
Bf5 9. Bd3 Bxd3 10. Qxd3 Nbd7 11. Bh6 Bf8 12. Bxf8 Nxf8 13. b4 a6 14. O-O Ne6
15. a4 O-O 16. Ne5 Qd6 17. Rab1 Nd7 18. f4 f5 19. b5 axb5 20. axb5 Ra3 21. Qd2
Nxe5 22. fxe5 Qc7 23. bxc6 bxc6 24. Na2 f4 25. exf4 Qa7 26. Nb4 Qxd4+ 27. Qxd4
Nxd4 28. Rbd1 Ne2+ 29. Kh1 Nc3 30. Rc1 c5 31. Nc6 d4 32. e6 Ra6 33. Ne7+ Kh8
34. f5 gxf5 35. Rxf5 Rxf5 36. Nxf5 Rxe6 37. Ra1 Kg8 38. Ra8+ Kf7 39. g4 Re1+
40. Kg2 d3 41. Rd8 Re2+ 42. Kf3 d2 43. Rd3 Rxh2 44. Kg3 Re2 45. Kf3 Ke6 46. Rd8
h5 0-1